Psicosintesi della forma insetto /

La vita di Lorenzo, trentenne bolognese, sembra essere finalmente giunta a una svolta: Davide, l'editore per il quale lavora come correttore di bozze, ha accettato di pubblicargli il suo primo romanzo. L'occasione è importante e potrebbe compensare il misterioso dolore che ha segnato i suoi ultimi m...

Deskribapen osoa

Gorde:
Xehetasun bibliografikoak
Egile nagusia: Barretta, Ariase
Formatua: Liburua
Hizkuntza:italiera
Argitaratua: Bologna : Meridiano Zero, 2014
Saila:De te fabula narratur
Gli obliqui pocket ; 13
Etiketak: Etiketa erantsi
Etiketarik gabe, Izan zaitez lehena erregistro honi etiketa jartzen!

MARC

LEADER 00000nam a22000007i 4500
001 IT\ICCU\RMS\2661294
003 ItRI
005 20260115232147.0
008 140929s2014 it |||||| ||||| |||||c
020 |a 9788882373191 
040 |b ita  |c importazione bologna sebina 
041 7 |a ita  |2 ISO-639-2 
100 1 |a Barretta, Ariase  |0 IT\ICCU\LO1V\394703 
240 1 0 |a Psicosintesi della forma insetto  |3 IT\ICCU\BCT\0044575  |9 Barretta, Ariase 
245 1 0 |a Psicosintesi della forma insetto /  |c Ariase Barretta. 
260 |a Bologna :  |b Meridiano Zero,  |c 2014 
300 |a 201 p. ;  |c 18 cm 
520 |a La vita di Lorenzo, trentenne bolognese, sembra essere finalmente giunta a una svolta: Davide, l'editore per il quale lavora come correttore di bozze, ha accettato di pubblicargli il suo primo romanzo. L'occasione è importante e potrebbe compensare il misterioso dolore che ha segnato i suoi ultimi mesi. Poco prima della firma del contratto, però, Davide lo convoca nel suo ufficio e gli mostra un libro appena uscito. Si tratta di un romanzo identico al suo, pubblicato da un'importante casa editrice e firmato da un giovane esordiente napoletano: Antonio Calvi. La sua opera è stata copiata. Tuttavia, il dubbio che possa essere stato lui a plagiare il libro di un altro si insinua persino tra i suoi amici. Lorenzo sente il bisogno di recarsi a Napoli. Ha due obiettivi: capire chi è Antonio e vendicarsi del torto subìto. Per farlo deve penetrare nella vita del giovane scrittore. Ma ciò che scopre va ben oltre la sua immaginazione. Un lontano incidente ha segnato Antonio per sempre, rendendolo fragile come un insetto... 
830 0 |a De te fabula narratur  |0 IT\ICCU\UBO\3947377 
830 4 |a Gli obliqui pocket ;  |v 13  |0 IT\ICCU\UBO\3995262 
942 |2 ddc  |c BK  |n 0 
952 |0 0  |1 0  |4 0  |6 DOC_853_920000000000000_BAR  |7 0  |9 21136  |a BO  |b BO  |d 2026-01-15  |i 17686  |l 0  |o DOC 853.92 BAR  |p BO17686  |r 2026-01-15 23:21:47  |w 2026-01-15  |x [Sebina 5] [1 v.]  |y BK  |z 1 v. (con dedica dell'A.) 
999 |c 18059  |d 18059